Análisis de la situación de la dirección de relaciones internacionales y cooperación externa de las universidades estatales en el periodo (1995 -1996) caso de estudio : Universidad Nacional de Ingeniería

Presenta la relevancia y funciones de una dirección de relaciones internacionales en las universidades estatales. Muestra un estudio y comparación de tales funciones en direcciones similares en otras universidades.

Bibliographic Details
Main Author: López Fonseca, Lucia
Other Authors: Tutor: Quintana Bonilla, Marisela
Format: Tesis Section = Libro
Language:Undetermined
Spanish
Published: Managua UNI 1997
Subjects:
LEADER 01122nam a2200241Ia 4500
008 240830s9999 xx 000 0 und d
040 |a BIBLIOTECA-RUSB/ T.Mon 327 L864 
041 |a spa 
082 |a T.Mon 327 L864 
100 1 |a López Fonseca, Lucia 
245 1 0 |a Análisis de la situación de la dirección de relaciones internacionales y cooperación externa de las universidades estatales en el periodo (1995 -1996) caso de estudio : Universidad Nacional de Ingeniería 
260 |a Managua  |b UNI  |c 1997 
300 |a 64 p. :il. 
502 |a Tesis (Máster en Relaciones Internacionales) - UNI, 1997. 
520 3 |a Presenta la relevancia y funciones de una dirección de relaciones internacionales en las universidades estatales. Muestra un estudio y comparación de tales funciones en direcciones similares en otras universidades. 
650 7 |a RELACIONES INTERNACIONALES 
650 7 |b  DIVULGA 
650 7 |c  DIVULGACION - EDUCACION SUPERIOR 
650 7 |d  COOPERACION EXTERNA - RELAIONES INTERNACIONALES 
700 1 |a Tutor:  |b Quintana Bonilla, Marisela 
942 |c BK  |2 ddc 
991 |a TESIS 
999 |c 21657